| 000 | 00660nam a2200181 a 4500 | ||
|---|---|---|---|
| 008 | 160722s2010 ||||||||||||||||| || u | ||
| 020 | _a9781408272411 | ||
| 050 | _aHF 5667 Are | ||
| 100 | _aElder, Randal J | ||
| 245 | 1 | 0 |
_aAuditing and assurance services: an integrated approach _cBy Alvin A. Arens [ and others] |
| 260 |
_aHarlow _bPearson _c2010 |
||
| 300 | _axxi, 890p. : ill. | ||
| 650 | _aAUDITING | ||
| 700 | _aBeasley, Mark S. | ||
| 700 | _aArens, Alvin A | ||
| 700 | _aHegazy, Mohamed A | ||
| 995 |
_FCBU-MAIN LIBRARY (Kitwe) _M1 _UAVAILABLE _WJan 18, 2017 _ZMain Library Open Access Collection |
||
| 999 |
_c35304 _d35304 |
||